| 000 | 00594nam a2200157 4500 | ||
|---|---|---|---|
| 001 | 116071 | ||
| 003 | ES-MaACL | ||
| 005 | 20230906190627.0 | ||
| 007 | t| | ||
| 008 | 061121s1948 sp r ||||1| spa d | ||
| 100 | 1 |
_aOrts Román, Juan. _987675 |
|
| 245 | 1 | 0 |
_aDesventura y misterio de la esfinge de La Alcudia _b: treinta minutos junto a la Dama de Elche en su fiesta celebrada en el Huerto del Cura, la noche del 4 de agosto de 1947 / _cJuan Orts Román. |
| 260 |
_aElche : _b[s.n.], _c1948 ( _fTip. Moderna) |
||
| 300 |
_a52 p., 1 lám. ; _c18 cm. |
||
| 852 |
_aES-MaACL _j1860-F-26 _bR.26084 |
||
| 999 |
_c116071 _d116071 |
||